Arms reduction : economic implications in the post-Cold War era / (Record no. 84364)

MARC details
000 -LEADER
fixed length control field 01431nam a2200265 a 4500
008 - FIXED-LENGTH DATA ELEMENTS--GENERAL INFORMATION
fixed length control field 060424s1995 ||||||||||||||||| || u
020 ## - INTERNATIONAL STANDARD BOOK NUMBER
International Standard Book Number 9280808818
050 ## - LIBRARY OF CONGRESS CALL NUMBER
Classification number HC 79.D4 Arm
100 ## - MAIN ENTRY--PERSONAL NAME
Personal name Lo, Fu-chen
245 10 - TITLE STATEMENT
Title Arms reduction : economic implications in the post-Cold War era /
Statement of responsibility, etc. edited by R. Lawrence Klein
260 ## - PUBLICATION, DISTRIBUTION, ETC.
Place of publication, distribution, etc. Tokyo:
Name of publisher, distributor, etc. United Nations University Press
Date of publication, distribution, etc. 1995
300 ## - PHYSICAL DESCRIPTION
Extent vii, 384 p. : ill.
350 ## -
-- 0.00
500 ## - GENERAL NOTE
General note "Based on the proceedings of the 1992 Tokyo Conference on 'Arms Reduction and Economic Development in the Post-Cold War Era' - the second in a series of UNU conferences on Future Global Change and Modelling"--Note to the reader. -Includes bibliographical references.
650 ## - SUBJECT ADDED ENTRY--TOPICAL TERM
Topical term or geographic name entry element ECONOMIC CONVERSION--CONGRESSES
650 #0 - SUBJECT ADDED ENTRY--TOPICAL TERM
Topical term or geographic name entry element ECONOMICS
650 ## - SUBJECT ADDED ENTRY--TOPICAL TERM
Topical term or geographic name entry element ARMED FORCES--APPROPRIATIONS AND EXPENDITURES--CONGRESSES
650 ## - SUBJECT ADDED ENTRY--TOPICAL TERM
Topical term or geographic name entry element ARMS CONTROL-- ECONOMIC ASPECTS--CONGRESSES
650 ## - SUBJECT ADDED ENTRY--TOPICAL TERM
Topical term or geographic name entry element ECONOMIC POLICY--POST WORLDWAR ERA
650 ## - SUBJECT ADDED ENTRY--TOPICAL TERM
Topical term or geographic name entry element DISARMAMENT--ECONOMIC ASPECTS--CONGRESSES
700 ## - ADDED ENTRY--PERSONAL NAME
Personal name McKibbin, Warwick J., 1957-
700 ## - ADDED ENTRY--PERSONAL NAME
Personal name Klein, Lawrence Robert
995 ## -
-- MAIN LIBRARY OPEN ACCESS
-- 0.00
-- 731402
-- CBU-MAIN LIBRARY (Kitwe)
-- 1
-- 0.00
-- HC 79.D4 Arm
-- 1
-- AVAILABLE
-- 028672
-- Main Library Open Access Collection
995 ## -
-- MAIN LIBRARY OPEN ACCESS
-- 0.00
-- 733549
-- CBU-MAIN LIBRARY (Kitwe)
-- 2
-- 0.00
-- HC 79.D4 Arm
-- 2
-- AVAILABLE
-- 045316
-- Main Library Open Access Collection
999 ## -
-- 84364
-- 84364
Holdings
Withdrawn status Lost status Source of classification or shelving scheme Damaged status Not for loan Permanent Location Current Location Shelving location Date acquired Total Checkouts Full call number Barcode Date last seen Copy number Price effective from Koha item type
          CBU-MAIN LIBRARY, KITWE. CBU-MAIN LIBRARY, KITWE.   01/25/2024   HC 79.D4 Arm 028672 01/25/2024 1 01/25/2024 MONOGRAPH
          CBU-MAIN LIBRARY, KITWE. CBU-MAIN LIBRARY, KITWE.   01/25/2024   HC 79.D4 Arm 045316 01/25/2024 2 01/25/2024 MONOGRAPH